| 000 | 01175nam1a22003011i 4500 | ||
|---|---|---|---|
| 001 | 2576490 | ||
| 005 | 20260406163511.0 | ||
| 035 | _a(NLR Aleph) 006459773 | ||
| 090 |
_a5824132 _c5824132 |
||
| 100 | _a20110316d1978 |||y0rusy50 ca | ||
| 101 | 0 | _arus | |
| 102 | _aRU | ||
| 105 | _ay z ||||| | ||
| 200 | 1 |
_aМатериалы по эпидемиологии и гигиене в Туркмении _fАшхаб. НИИ эпидемиологии и гигиены им. С.М. Дурсуновой _gРедкол.: Е.С. Попова - отв. ред. и др. |
|
| 210 |
_aАшхабад _cБ. и. _d1978 |
||
| 215 | _d20 | ||
| 320 | _aБиблиогр. в конце ст. | ||
| 333 | _aДля служ. пользования | ||
| 686 |
_aР192.9(257Ту)я43 _2rubbk |
||
| 686 |
_aР12я43 _2rubbk |
||
| 702 | 1 |
_aПопова _bЕ.С. _4340 |
|
| 712 | 0 | 2 |
_aАшхабадский НИИ эпидемиологии и гигиены им. С.М. Дурсуновой _3RU\NLR\AUTH\889934903 _9364800 |
| 801 | 0 |
_aRU _bNLR _gpsbo |
|
| 801 | 1 |
_aRU _bELAR _2rusmarc |
|
| 852 |
_aNLR _jDesideratum |
||
| 899 |
_aRuMoRGB _jДСП/ |
||
| 899 |
_aRuMoRGB _j23 86/938 |
||
| 942 | _cBOOK | ||